دراسات في الشعر العربي المعاصر / (رقم التسجيلة. 11240)

تفاصيل مارك
000 -LEADER
fixed length control field 00621nam a22002057a 4500
005 - DATE AND TIME OF LATEST TRANSACTION
control field 20251108164648.0
008 - FIXED-LENGTH DATA ELEMENTS--GENERAL INFORMATION
fixed length control field 250721s1976 xx 000 0 ara d
082 14 - DEWEY DECIMAL CLASSIFICATION NUMBER
Classification number 811.909/شوق
100 1# - MAIN ENTRY--PERSONAL NAME
Personal name ضيف، شوقي
245 10 - TITLE STATEMENT
Title دراسات في الشعر العربي المعاصر /
250 ## - EDITION STATEMENT
Edition statement ط6.
264 1# - PRODUCTION, PUBLICATION, DISTRIBUTION, MANUFACTURE, AND COPYRIGHT NOTICE
Place of production, publication, distribution, manufacture القاهرة :
Name of producer, publisher, distributor, manufacturer دار المعارف،
Date of production, publication, distribution, manufacture, or copyright notice 1976.
300 ## - PHYSICAL DESCRIPTION
Extent 288ص
490 0# - SERIES STATEMENT
Series statement مكتبة الدراسات الأدبية ؛ 11
650 17 - SUBJECT ADDED ENTRY--TOPICAL TERM
Topical term or geographic name as entry element الشعر العربي
650 17 - SUBJECT ADDED ENTRY--TOPICAL TERM
Topical term or geographic name as entry element التاريخ الأدبي
650 17 - SUBJECT ADDED ENTRY--TOPICAL TERM
Topical term or geographic name as entry element النقد الأدبي
942 ## - ADDED ENTRY ELEMENTS (KOHA)
Source of classification or shelving scheme Dewey Decimal Classification
Koha item type كتب
المقتنيات
حالة السحب حالة الفقدان مصدر التصنيف حالة التلف غير قابل للإعارة المكتبة الرئيسية المكتبة الحالية موقع الرف تاريخ التزويد الرقم المتسلسل Total Checkouts رقم الإستدعاء تاريخ آخر ظهور تاريخ الفاتورة نوع المادة (كوها)
    Dewey Decimal Classification Unchecked   مكتبة أم قصير والمقابلين العامة مكتبة أم قصير والمقابلين العامة الإعارة 12/07/2004 3783   811.909/شوق 28/07/2025 12/07/2004 كتب
    Dewey Decimal Classification Unchecked   مكتبة صويلح العامة مكتبة صويلح العامة الإعارة 12/07/2004 4950   811.909/شوق 28/07/2025 12/07/2004 كتب
Implemented & Customized by: BBB with SCIT (Smart Chains for Information Technology)

Powered by Koha